[Event "Witwatersrand op"]
[Site "Witwatersrand"]
[Date "2017.07.06"]
[Round "6.4"]
[White "Mailula, Matsobane"]
[Black "Mafanya, Kulasande"]
[Result "1-0"]
[WhiteElo "1803"]
[BlackElo "1982"]
[PlyCount "87"]
[EventDate "2017.07.03"]
[EventType "swiss"]
[EventRounds "9"]
[EventCountry "RSA"]
[SourceTitle "EXT 2018"]
[Source "ChessBase"]
[SourceDate "2017.10.13"]
[SourceVersion "1"]
[SourceVersionDate "2017.10.13"]
[SourceQuality "1"]

1. e4 d6 2. d4 Nf6 3. Nc3 c6 4. Nf3 Qa5 5. Bd2 Qc7 6. h3 e5 7. a4 Be7 8. Bc4 0-0 9. 0-0 Nbd7 10. Bb3 exd4 11. Nxd4 Nc5 12. Re1 a5 13. Bc4 Re8 14. Qf3 Bf8 15. Bg5 Ncd7 16. Bb3 Ne5 17. Qg3 Nfd7 18. f4 Ng6 19. Rad1 Nc5 20. Kh1 Kh8 21. Bc4 h6 22. Bh4 Nxh4 23. Qxh4 Be7 24. Qh5 Bd7 25. Bxf7 Rf8 26. e5 Be8 27. Bxe8 Raxe8 28. Nf5 dxe5 29. fxe5 Bg5 30. Nd6 Re6 31. Rf1 Be7 32. Rf7 Qb8 33. Nc4 b5 34. axb5 cxb5 35. Nd5 Bg5 36. Nd6 Kg8 37. Rxf8+ Qxf8 38. Qe2 Qxd6 39. Nf6+ gxf6 40. Rxd6 Rxe5 41. Qg4 Ne4 42. Qc8+ Kg7 43. Rd7+ Kg6 44. g4 1-0